000 00211 a2200097 4500
001 37937
100 _aAziz Zulfiqar
245 _aRound the world
260 _aLahore
_bNigarshaat
_c1997
090 _c24119
_d24119
942 _aNUST-CAE
_cM
_c15691
999 _c273010
_d273010